| 000 | 01549cam a2200421 a 4500 | ||
|---|---|---|---|
| 001 | 16059147 | ||
| 003 | ARRUPE | ||
| 005 | 20150415020006.0 | ||
| 008 | 100119s2010 enk b 001 0 eng | ||
| 010 | _a 2010002044 | ||
| 015 |
_aGBA931137 _2bnb |
||
| 015 |
_aGBA931138 _2bnb |
||
| 015 |
_aGBA931137 _2dnb |
||
| 016 | 7 |
_a014938168 _2Uk |
|
| 016 | 7 |
_a014938169 _2Uk |
|
| 020 | _a9781847062390 | ||
| 020 | _a9781847062406 | ||
| 020 | _a1847062393 | ||
| 020 | _a1847062407 | ||
| 035 | _a(OCoLC)ocn277203986 | ||
| 040 |
_aDLC _cDLC _dBTCTA _dYDXCP _dUKM _dDEBBG _dBWKUK _dBWK _dCDX _dBWX _dDLC |
||
| 050 | 0 | 0 |
_aB1607 _b.F57 2010 |
| 082 | 0 | 0 |
_a192 _222 |
| 100 | 1 |
_aFitzpatrick, John R. _96739 |
|
| 245 | 1 | 0 |
_aStarting with Mill / _cJohn R. Fitzpatrick. |
| 260 |
_aLondon ; _aNew York : _bContinuum, _cc2010. |
||
| 300 |
_axiii, 178 p. ; _c23 cm. |
||
| 490 | 1 | _aStarting with ... series | |
| 504 | _aIncludes bibliographical references and index. | ||
| 600 | 1 | 0 |
_aMill, John Stuart, _d1806-1873. _96740 |
| 830 | 0 |
_aStarting with... _96741 |
|
| 856 | 4 | 2 |
_3Contributor biographical information _uhttp://www.loc.gov/catdir/enhancements/fy1213/2010002044-b.html |
| 856 | 4 | 1 |
_3Table of contents only _uhttp://www.loc.gov/catdir/enhancements/fy1213/2010002044-t.html |
| 856 | 4 | 2 |
_3Publisher description _uhttp://www.loc.gov/catdir/enhancements/fy1213/2010002044-d.html |
| 906 |
_a7 _bcbc _corignew _d1 _eecip _f20 _gy-gencatlg |
||
| 942 |
_2lcc _cMONOGRAPH _03 |
||
| 999 |
_c119591 _d119591 |
||